Význam a koncepcia splavnenia Váhu

Projekt Vážskej vodnej cesty je dlhodobá investícia strategického významu. Medzinárodný význam projektu Vážskej vodnej cesty. Národohospodársky význam projektu Vážskej vodnej cesty. Etapizácia a časový harmonogram projektu. Prínosy projektu.

Na minha lista:
Detalhes bibliográficos
Autor principal: Banas, J.
Outros Autores: Bereš, J.
Formato: Capítulo de Livro
Idioma:eslovaco
Assuntos:
Tags: Adicionar Tag
Sem tags, seja o primeiro a adicionar uma tag!

MARC

LEADER 00000naa a2200000 4500
001 r027174
005 20230925114343.0
041 0 |a slo 
044 |a SK 
245 1 0 |a Význam a koncepcia splavnenia Váhu  |c J. Banas, J. Bereš 
520 |a Projekt Vážskej vodnej cesty je dlhodobá investícia strategického významu. Medzinárodný význam projektu Vážskej vodnej cesty. Národohospodársky význam projektu Vážskej vodnej cesty. Etapizácia a časový harmonogram projektu. Prínosy projektu. 
610 2 0 |a stavby vodné 
610 2 0 |a Slovensko 
610 2 0 |a Váh 
610 2 0 |a Vážska vodná cesta 
610 2 0 |a projekty 
610 2 0 |a koncepcie 
610 2 0 |a cesty vodné 
610 2 0 |a ekológia 
610 2 0 |a zamestnanosť 
100 1 |a Banas, J. 
700 1 |a Bereš, J.